[Event "Glyfada New Year op"]
[Site "Glyfada"]
[Date "2011.01.07"]
[Round "5"]
[White "Avgerinos, Havalambos"]
[Black "Doudonis, Hristos"]
[Result "0-1"]
[WhiteElo "2153"]
[BlackElo "1993"]
[PlyCount "127"]
[EventDate "2011.01.02"]
[EventType "swiss"]
[EventRounds "7"]
[EventCountry "GRE"]
[SourceTitle "EXT 2024"]
[Source "ChessBase"]
[SourceDate "2023.10.10"]
[SourceVersion "1"]
[SourceVersionDate "2023.10.10"]
[SourceQuality "1"]

1. d4 Nf6 2. c4 c5 3. e3 g6 4. Nf3 Bg7 5. Be2 0-0 6. 0-0 b6 7. Nc3 Bb7 8. b3 d5 9. Bb2 e6 10. dxc5 bxc5 11. Rc1 Nbd7 12. Qc2 dxc4 13. Bxc4 Bxf3 14. gxf3 Rc8 15. Ba6 Rc6 16. Bb5 Rd6 17. Bxd7 Nxd7 18. Ne4 Rd5 19. Bxg7 Kxg7 20. Rfd1 Ne5 21. Rxd5 exd5 22. Qc3 d4 23. exd4 cxd4 24. Qc7 Nxf3+ 25. Kg2 Nh4+ 26. Kh3 Qd5 27. Qf4 Nf5 28. Rc5 Qd7 29. Rc7 Qb5 30. Ng3 Rd8 31. Qg5 Qd5 32. Nh5+ Kf8 33. Qf6 Kg8 34. Ng3 Nxg3 35. hxg3 Qe6+ 36. Qxe6 fxe6 37. Rc2 Kf7 38. Kg4 Kf6 39. Kf4 e5+ 40. Ke4 Ke6 41. Rc6+ Rd6 42. Rc2 g5 43. f3 d3 44. Rd2 h5 45. Ke3 h4 46. gxh4 gxh4 47. f4 h3 48. fxe5 Kxe5 49. a3 a5 50. b4 axb4 51. axb4 Rg6 52. Kf3 Kd4 53. Rh2 Rf6+ 54. Kg4 Kc3 55. Rxh3 Kc2 56. Kg5 Rf2 57. Rh8 d2 58. Rc8+ Kb3 59. Rd8 Kxb4 60. Kg4 Kc3 61. Rc8+ Kd3 62. Rd8+ Ke2 63. Kg3 Rf3+ 64. Kg2 0-1

[Event "Glyfada New Year op"]
[Site "Glyfada"]
[Date "2011.01.05"]
[Round "4"]
[White "Papathanasopoulos, Nikolaos"]
[Black "Avgerinos, Havalambos"]
[Result "0-1"]
[WhiteElo "1684"]
[BlackElo "2153"]
[PlyCount "117"]
[EventDate "2011.01.02"]
[EventType "swiss"]
[EventRounds "7"]
[EventCountry "GRE"]
[SourceTitle "EXT 2024"]
[Source "ChessBase"]
[SourceDate "2023.10.10"]
[SourceVersion "1"]
[SourceVersionDate "2023.10.10"]
[SourceQuality "1"]

1. e4 e6 2. d4 d5 3. e5 c5 4. c3 cxd4 5. cxd4 Bb4+ 6. Bd2 Bxd2+ 7. Qxd2 f5 8. exf6 Nxf6 9. Nf3 Nc6 10. Nc3 a6 11. Bd3 0-0 12. 0-0 b5 13. Rad1 Ng4 14. Rfe1 Qd6 15. h3 Rxf3 16. hxg4 Rf4 17. Qe3 g6 18. Be2 Bd7 19. Bf3 Raf8 20. Ne2 R4f7 21. Nc1 Re8 22. Nd3 Nb4 23. Ne5 Rg7 24. Qa3 Ra8 25. Rc1 Be8 26. Nd3 a5 27. Nc5 Re7 28. Qb3 Kg7 29. a3 Nc6 30. Nxe6+ Rxe6 31. Rxe6 Qxe6 32. Qxb5 Ne7 33. Qb7 Rd8 34. Kf1 Kf8 35. Re1 Qd6 36. Qb3 Qh2 37. g3 Qh6 38. Qb6 Rd7 39. Qf6+ Bf7 40. Qh8+ Ng8 41. Qe5 Re7 42. Qb8+ Be8 43. Qd6 Qd2 44. Rxe7 Nxe7 45. Qf6+ Bf7 46. b4 a4 47. b5 Qd3+ 48. Kg2 Qxb5 49. Qh8+ Bg8 50. Qf6+ Ke8 51. Qe5 Qb3 52. Be2 Qb6 53. Bd1 Be6 54. Bxa4+ Kd8 55. Qh8+ Bg8 56. Qe5 Qe6 57. Qb8+ Nc8 58. Bb5 Qe4+ 59. Kh3 0-1

[Event "Glyfada New Year op"]
[Site "Glyfada"]
[Date "2011.01.04"]
[Round "3"]
[White "Avgerinos, Havalambos"]
[Black "Zervos, Konstantinos"]
[Result "1-0"]
[WhiteElo "2153"]
[BlackElo "1573"]
[PlyCount "73"]
[EventDate "2011.01.02"]
[EventType "swiss"]
[EventRounds "7"]
[EventCountry "GRE"]
[SourceTitle "EXT 2024"]
[Source "ChessBase"]
[SourceDate "2023.10.10"]
[SourceVersion "1"]
[SourceVersionDate "2023.10.10"]
[SourceQuality "1"]

1. d4 d5 2. c4 c6 3. Nc3 Nf6 4. Bg5 Bf5 5. e3 e6 6. Nf3 Bd6 7. Ne5 Qc7 8. f4 Ne4 9. Nxe4 Bxe4 10. c5 Qa5+ 11. Qd2 Qxd2+ 12. Kxd2 Bc7 13. Nd3 f6 14. Bh4 Nd7 15. Nf2 Bg6 16. b4 a5 17. b5 cxb5 18. Bxb5 b6 19. Rhc1 bxc5 20. Rxc5 Bd8 21. Rac1 Ke7 22. Rc6 Rb8 23. a4 Be8 24. Ra6 Rg8 25. Rcc6 Nf8 26. Ra7+ Bd7 27. Rca6 Bb6 28. Ra8 Rxa8 29. Rxa8 g5 30. fxg5 fxg5 31. Bg3 Bxb5 32. axb5 Kf7 33. Rb8 Nd7 34. Rb7 Ke7 35. Ng4 Rc8 36. Ne5 Bc7 37. Nc6+ 1-0